| 000 | 00414nam a2200169Ia 4500 | ||
|---|---|---|---|
| 003 | LK-CoDNM | ||
| 005 | 20240807152719.0 | ||
| 008 | 010623t1903 xxu||||| |||| 00| 1 eng d | ||
| 040 |
_aLK-CoDNM _dLK-CoDNM _eLK-CoDNM |
||
| 041 | _aeng | ||
| 080 |
_a16 _bU14 |
||
| 100 | _aClifford,Hugh. | ||
| 245 | _aIn Court and Kampong | ||
| 260 |
_bGrant Richards _aLondon _c1903 |
||
| 300 | _bix, 256p. ; 20 cm | ||
| 942 | _cBK | ||
| 999 |
_c85584 _d85584 |
||